000 02098cam a22002294a 4500
005 20250605164240.0
008 250528s ||||||||||||||||||||||||d
035 _a21290
020 _a9789602187517
040 _aGR-AtMCL
_bgre
_dGR-AtMCL
_eAACR2
245 1 _aΟργανωσιακή Συμπεριφορά / Βασικές Έννοιες και Σύγχρονες Προσεγγίσεις
250 _a
260 _bΚριτική,
_c2011
300 _a584
520 _aΤο παρόν βιβλίο στρέφει την έμφαση στην ερμηνεία και την αντιμετώπιση της συμπεριφοράς των ατόμων που σχετίζονται στο πλαίσιο ενός οργανισμού. Εισαγωγή, Πρόλογος, Προοίμιο, Εισαγωγή στην Οργανωσιακή Συμπεριφορά, Το Άτομο στον Οργανισμό, Στάσεις και Εργασιακή Ικανοποίηση, Συναισθήματα και Διαθέσεις, Προσωπικότητα και Αξίες, Αντίληψη και Ατομική Λήψη Αποφάσεων, Έννοιες Παρακίνησης, Παρακίνηση: Από τις Έννοιες στις Εφαρμογές, Ομάδες στον Οργανισμό, Οι Βάσεις της Ομαδικής Συμπεριφοράς, Κατανόηση των Συνεργατικών Ομάδων, Επικοινωνία, Ηγεσία, Εξουσία και Πολιτική στις Οργανώσεις, Σύγκρουση και Διαπραγμάτευση, Το Σύστημα του Οργανισμού, Οι Θεμελιώδεις Αρχές της Δομής του Οργανισμού, Οργανωσιακή Κουλτούρα, Οργανωσιακή Αλλαγή και Διαχείριση Άγχους, Επίλογος, Γλωσσάριο.
700 1 _aJudge Timothy A
_97334
700 1 _aRobbins Stephen P
_91079
700 1 _aΣαχινίδης Αλέξανδρος
_97335
942 _cBK
999 _c6355
_d6355